Tables of tangential angles and multiples for setting-out curves from 5 to 200 radius ... with an appendix on the use of the tables for measuring-up curves. (Record no. 90385)

MARC details
000 -LEADER
fixed length control field 00610cam a2200205 4500
001 - CONTROL NUMBER
control field M2159
008 - FIXED-LENGTH DATA ELEMENTS--GENERAL INFORMATION
fixed length control field 090401t1914 xxu||||| |||| 00| 0 eng d
035 ## - SYSTEM CONTROL NUMBER
System control number (Sirsi) u36817
041 ## - LANGUAGE CODE
Language code of text/sound track or separate title eng
050 ## - LIBRARY OF CONGRESS CALL NUMBER
Classification number 526.90212
100 ## - MAIN ENTRY--PERSONAL NAME
Personal name Beazeley, Alexander
245 ## - TITLE STATEMENT
Title Tables of tangential angles and multiples for setting-out curves from 5 to 200 radius ... with an appendix on the use of the tables for measuring-up curves.
250 ## - EDITION STATEMENT
Edition statement 8th ed.
260 ## - PUBLICATION, DISTRIBUTION, ETC.
Place of publication, distribution, etc. London
Name of publisher, distributor, etc. Crosby Lockwood
Date of publication, distribution, etc. 1914
300 ## - PHYSICAL DESCRIPTION
Extent 1 box ; 8x4cm.
350 ## - PRICE (NR) (BK AM CF MU VM SE) [OBSOLETE]
Price 0
520 ## - SUMMARY, ETC.
Summary, etc. 100 cards in box.
942 ## - ADDED ENTRY ELEMENTS (KOHA)
Suppress in OPAC 0
948 ## - LOCAL PROCESSING INFORMATION (OCLC); SERIES PART DESIGNATOR (RLIN)
c (OCLC) 04/03/1997
Holdings
Withdrawn status Lost status Source of classification or shelving scheme Damaged status Not for loan Home library Current library Shelving location Date acquired Total Checkouts Full call number Barcode Date last seen Copy number Price effective from Koha item type
    Dewey Decimal Classification     London London Basement 15/08/1996   SHELF 325 30051367 06/08/2019 1 06/08/2019 Reference material